|
|
|
|
| LEADER |
01148nam a2200325 4500 |
| 001 |
000021335 |
| 003 |
17782 |
| 005 |
20150417100430.0 |
| 008 |
150417s2010 engsd |
| 020 |
|
|
|a 9780073407432 (alk. paper)
|a 0073407437 (alk. paper)
|
| 041 |
0 |
|
|a eng
|
| 082 |
0 |
0 |
|a 160
|b Cri
|
| 245 |
1 |
0 |
|a Critical thinking
|b a student's introduction
|c Gregory Basham, ...[et al.]
|
| 250 |
|
|
|a 4th ed.
|
| 260 |
|
|
|a New York
|b McGraw-Hill/Connect Learn Succeed
|c 2010
|
| 300 |
|
|
|a xvi, 490 p.,A5, N8, ANS16, C1, I6
|b ill.
|c 23 cm.
|
| 504 |
|
|
|a Includes bibliographical references and index.
|
| 650 |
0 |
4 |
|a Critical thinking
|v Textbooks
|
| 653 |
|
|
|a Tâm lý học
|
| 700 |
1 |
|
|a Bassham, Gregory
|
| OWN |
|
|
|a LSP
|
| AVA |
|
|
|a UDN50
|b LSP
|d 160 Cri
|e available
|t Error 5001 Not defined in file expand_doc_bib_avail.
|f 1
|g 0
|h N
|i 1
|k 1
|
| 999 |
|
|
|a From the UDN01
|
| AVA |
|
|
|a UDN50
|b LSP
|d 160 Cri
|e available
|t Error 5001 Not defined in file expand_doc_bib_avail.
|f 1
|g 0
|h N
|i 1
|k 1
|
| TYP |
|
|
|a Monograph
|
| TYP |
|
|
|a Printed language
|
| 980 |
|
|
|a Mạng thư viện Đại học Đà Nẵng
|